1226 1076 1871 1933 1053 1309 1956 1184 1251 1442 1328 1718 1742 1209 1399 1205 1364 1941 1438 1523 1985 1605 1165 1310 1254 1761 1347 1327 1927 1712 1118 1952 1199 1717 1766 1130 1071 1691 1524 1653 1753 1360 1893 1187 1224 1144 1817 1825 1988 1655 1782 1504 1520 1090 1195 1823 1156 1047 1871 1868 1135 1437 1108 1969 1805 1850 1409 1440 1549 1974 1273 1693 1979 1479 1977 1944 1359 1063 1643 1563 1656 1033 1767 1995 1004 1059 1763 1707 1493 1591 1533 1581 1915 1358 1677 1004 1333 1398 1511 BCNSPRNW ULIB Ver.6.0+V

เปลี่ยนเป็นภาษาไทย

Change to English
 แสดงรายละเอียดบรรณานุกรม
  กลับหน้าหลัก

Brief Record : Get Marc (ISO 2709) : E-mail record : QR code < ปิดหน้าต่าง
LEADER : 00000nam 2200000uu 4500
001    13399114482
003     ULIB
008    120404s2550||||th 000 0 tha d
020    ^a9789747187687
060  4 ^aWA395^bก695
110 1  ^aใกล้หมอ
245 10 ^aกิน-อยู่อย่างรู้ทัน=^bLiving beware/^cเอื้อมพร สกุลแก้ว,บรรณาธิการ
246 31 ^aLiving beware
250    ^aพิมพ์ครั้งที่
260    ^aกรุงเทพฯ:^bใกล้หมอ,^c2550
300    ^a122 หน้า
650  7 ^aการดำเนิชีวิต
650  7 ^aกินเพื่อสุขภาพ
650  7 ^aนอนหลับ
650  7 ^aเพศสัมพันธ์
650  7 ^aอาหารเพื่อสุขภาพ
945    ^p130^l0^i14321
995    ^aกัณชพร
999    ^aใช้งานได้ทุกระบบ
รายการนี้ยังไม่มีแท็ก
คุณยังไม่ได้ล็อกอิน คุณสามารถมีกิจกรรมร่วมกับเว็บไซต์ได้ แต่ต้องล็อกอินก่อน ::
  ล็อกอิน

รายการสื่อสารสนเทศ

ลำดับที่ ประเภท เลขเรียก/บาร์โค้ด สถานที่ สถานะ
- ไม่พบข้อมูล -

รายการใกล้เคียง
    หัวเรื่อง [การดำเนิชีวิต]
    หัวเรื่อง [กินเพื่อสุขภาพ]
    หัวเรื่อง [นอนหลับ]
    หัวเรื่อง [เพศสัมพันธ์]
    หัวเรื่อง [อาหารเพื่อสุขภาพ]

BibComment


ยังไม่เคยถูกคอมเมนท์

คอมเมนท์ทรัพยากรรายการนี้
  คอมเมนท์: กินอยู่อย่างรู้ท..


 Copyright 2026. Bcnsprnw @Library